| 000 -LEADER |
| fixed length control field |
01635 a2200289 4500 |
| 003 - CONTROL NUMBER IDENTIFIER |
| control field |
Nust |
| 005 - DATE AND TIME OF LATEST TRANSACTION |
| control field |
20170207154049.0 |
| 010 ## - LIBRARY OF CONGRESS CONTROL NUMBER |
| LC control number |
2009008956 |
| 020 ## - INTERNATIONAL STANDARD BOOK NUMBER |
| International Standard Book Number |
0203871391 (ebk) |
| 020 ## - INTERNATIONAL STANDARD BOOK NUMBER |
| International Standard Book Number |
0415497000 (hbk : alk. paper) |
| 020 ## - INTERNATIONAL STANDARD BOOK NUMBER |
| International Standard Book Number |
9780203871393 (ebk) |
| 020 ## - INTERNATIONAL STANDARD BOOK NUMBER |
| International Standard Book Number |
9780415497008 (hbk : alk. paper) |
| 035 ## - SYSTEM CONTROL NUMBER |
| System control number |
(OCoLC)ocn311756865 |
| 040 ## - CATALOGING SOURCE |
| Transcribing agency |
Nust |
| 082 00 - DEWEY DECIMAL CLASSIFICATION NUMBER |
| Classification number |
701.8 |
| 100 ## - MAIN ENTRY--PERSONAL NAME |
| Personal name |
Jeffrey Johnson, Katerina Alexiou & Theodore Zamenopoulos. |
| 245 00 - TITLE STATEMENT |
| Title |
Embracing complexity in design (E-Book) |
| Statement of responsibility, etc. |
Jeffrey Johnson, Katerina Alexiou & Theodore Zamenopoulos. |
| 260 ## - PUBLICATION, DISTRIBUTION, ETC. |
| Place of publication, distribution, etc. |
New York : |
| Name of publisher, distributor, etc. |
Routledge, |
| Date of publication, distribution, etc. |
2010. |
| 300 ## - PHYSICAL DESCRIPTION |
| Extent |
xv, 216 p. : |
| Other physical details |
ill. ; |
| Dimensions |
26 cm. |
| 505 0# - FORMATTED CONTENTS NOTE |
| Formatted contents note |
Generating cities from the bottom up : using complexity theory for effective design (Page-1),Embracing complexity in building design (Page-19),Complexity in engineering design (Page-37),Using complexity science framework and multi-agent technology in design (Page-61),Complexity and coordination in collaborative design (Page-73),The mathematical conditions of design ability (Page-95), The art of complex systems science (Page-121),Performance, complexity and emergent objects (Page-143),Developments in service design thinking and practice(Page-161), Metamorphosis of the Artificial : designing the future through tentative links between complex systems science, second-order cybernetic and 4D design (Page-177),Embracing design in complexity (Page-193). |
| 650 #0 - SUBJECT ADDED ENTRY--TOPICAL TERM |
| Topical term or geographic name entry element |
Complexity (Philosophy) |
| 650 #0 - SUBJECT ADDED ENTRY--TOPICAL TERM |
| Topical term or geographic name entry element |
Design. |
| 651 ## - SUBJECT ADDED ENTRY--GEOGRAPHIC NAME |
| Geographic name |
(E-Book) |
| 700 1# - ADDED ENTRY--PERSONAL NAME |
| Personal name |
Alexiou, Katerina, |
| Dates associated with a name |
1973- |
| 700 1# - ADDED ENTRY--PERSONAL NAME |
| Personal name |
Johnson, J. |
| 700 1# - ADDED ENTRY--PERSONAL NAME |
| Personal name |
Zamenopoulos, Theodore, |
| Dates associated with a name |
1973- |
| 942 ## - ADDED ENTRY ELEMENTS (KOHA) |
| Source of classification or shelving scheme |
|
| Koha item type |
Book |